000 00292nam a22001337a 4500
003 SGT
082 _a615.53
_bC15T
100 _aTRIPATHI,BRAHMANAND
245 _aCHARAK SAMHITA
260 _aVARANASI
_bCHAUKHAMBHA PUB
_c2015
300 _a1480
650 _aCHARAK SAMHITA
942 _2ddc
_cBK
_03
999 _c8732
_d8732